La eneida
محفوظ في:
| المؤلفون الرئيسيون: | , |
|---|---|
| التنسيق: | كتاب |
| اللغة: | الإسبانية |
| منشور في: |
Buenos Aires
Espasa-Calpe
1964
|
| الطبعة: | 5a. ed |
| سلاسل: | Colección austral, 1022
|
| الموضوعات: | |
| الوسوم: |
إضافة وسم
لا توجد وسوم, كن أول من يضع وسما على هذه التسجيلة!
|
MARC
| LEADER | 00000nam a2200000 a 4500 | ||
|---|---|---|---|
| 001 | UCZ0180 | ||
| 003 | CL-VaPUC | ||
| 008 | 950724e19640415AG |||||||||||||||||spa|d | ||
| 082 | 0 | 4 | |a 873 |b VIR |2 21 |
| 100 | 0 | |a Virgilio |e author |9 266332 | |
| 700 | 0 | |a Virgilio Marón, Publio |e author |9 266333 | |
| 245 | 1 | 3 | |a La eneida |
| 250 | |a 5a. ed | ||
| 300 | |a 242 p | ||
| 942 | |c BK | ||
| 945 | |d 19950724 00:00:00 |a lriquelm | ||
| 260 | |a Buenos Aires |b Espasa-Calpe |c 1964 | ||
| 600 | 0 | 7 | |a VIRGILIO MARON, PUBLIO |2 CL-VaPUC |9 266333 |
| 650 | 7 | |a POESIA EPICA LATINA |2 CL-VaPUC |9 268422 | |
| 650 | 0 | |a Formas y géneros literarios |9 324031 | |
| 583 | |a last modification |c 20121218 08:08:42 |k Rodrigo Vera | ||
| 490 | 0 | |a Colección austral, 1022 | |
| 999 | |c 237143 |d 237141 | ||